00901cam a2200241 a 45000010005000000030009000050050017000140080041000310200015000720400038000870820016001251000023001412450111001642600072002753000043003474900023003905040041004136500064004546510051005187000024005697000024005937100042006175278BD-DhUAP20210128163140.0200223s1995 bg abf b f000 0 eng  a9847730040 aBD-DhUAPcBD-DhUAPdBD-DhUAPbEng00a934 ALA223 aAlam, Md Shafiqul. aExcavations at Bihar Dhap, Bogra, 1979-1986 /cMd Shafiqul Alam, Md Abul Hashem Miah and Md Abdul Khaleque aDhaka :bDept. of Archaeology, Ministry of Cultural Affairs,c2000. ax, 45 pages :billustrations ;c24 cm. aB.A. series ;v20. aIncludes bibliographical references. 0aExcavations (Archaeology)zBangladeshzDinājpur District. 0aDinājpur District (Bangladesh)xAntiquities. aMd Abul Hashem Miah aKhaleque, Md Abdul 1 aBangladeshbDepartment of Archaeology